| 000 | 00714nam a2200181Ia 4500 | ||
|---|---|---|---|
| 008 | 090630s9999 xx 000 0 und d | ||
| 082 | _b25285 | ||
| 100 | _aबर्वे राजेंद्र. | ||
| 245 |
_aभयगंड तुमचे उत्तर माझे. _cबर्वे राजेंद्र. |
||
| 260 |
_bमनोविकास - पुणे. _c2005 |
||
| 300 | _a128 | ||
| 600 | _aबर्वे राजेंद्र. | ||
| 630 | _aभयगंड तुमचे उत्तर माझे. | ||
| 655 | _aइतर. | ||
| 700 | _aबर्वे राजेंद्र. | ||
| 730 | _aभयगंड तुमचे उत्तर माझे. | ||
| 942 | _cBOOK | ||
| 999 |
_c277141 _d277141 |
||